[Event "Online Olym Div2 E 2021"]
[Site "chess.com INT"]
[Date "2021.09.04"]
[Round "8.5"]
[Board "3"]
[White "Monroy G., Nataly A."]
[Black "Miller, Rachel"]
[Result "0-1"]
[WhiteTitle "WIM"]
[BlackTitle "CM"]
[WhiteElo "1957"]
[BlackElo "2004"]
[WhiteTeam "Bolivia"]
[BlackTeam "Jamaica"]
[WhiteFideId "3304019"]
[BlackFideId "7401302"]
[EventDate "2021.09.02"]
[EventType "team"]

1. d4 d5 2. Nf3 e6 3. c4 a6 4. g3 dxc4 5. Bg2 Nc6 6. O-O Rb8 7. a4 Nf6 8. Nc3
Be7 9. e4 O-O 10. d5 exd5 11. exd5 Nb4 12. Ne5 b5 13. Be3 Bd6 14. Bd4 Bxe5 15.
Bxe5 Nd3 16. Bxf6 Qxf6 17. axb5 axb5 18. Qc2 Bf5 19. Ne4 Qxb2 20. Qxb2 Nxb2 21.
Nc5 b4 22. Na6 Rb6 23. Nxc7 Rc8 24. Rfe1 h5 25. Ne8 Nd3 26. Re3 Kf8 27. d6 Rxe8
28. Rxe8+ Kxe8 29. Ra8+ Kd7 30. Ra7+ Kxd6 31. Rxf7 g6 32. Rf6+ Kc5 33. Rf7 b3 0-1

[Event "Online Olym Div2 E 2021"]
[Site "chess.com INT"]
[Date "2021.09.04"]
[Round "8.5"]
[Board "4"]
[White "Clarke, Adani"]
[Black "Estrada, Lucia"]
[Result "0-1"]
[WhiteTitle "WCM"]
[BlackTitle "WIM"]
[WhiteElo "1811"]
[BlackElo "1888"]
[WhiteTeam "Jamaica"]
[BlackTeam "Bolivia"]
[WhiteFideId "7402082"]
[BlackFideId "3301923"]
[EventDate "2021.09.02"]
[EventType "team"]

1. d4 d5 2. c4 e6 3. Nc3 Nf6 4. Bg5 Nbd7 5. e3 c6 6. Nf3 Qa5 7. Bd3 Bb4 8. Qc2
Ne4 9. Bxe4 dxe4 10. Nd2 Qxg5 11. Qxe4 Nf6 12. Qf3 O-O 13. O-O e5 14. Nde4 Nxe4
15. Nxe4 Qf5 16. dxe5 Qxe5 17. a3 Be7 18. b4 Bf5 19. Nd2 Rad8 20. Nb3 Bd3 21.
Rfc1 Be4 22. Qe2 Qg5 23. f3 Bd3 24. Qf2 Bf6 25. Nd4 Rfe8 26. f4 Qh5 27. Re1 Bxc4
28. Rac1 Bd5 29. Ne2 Bh4 30. Ng3 Bxg3 31. Qxg3 Qf5 32. Rc3 Rd6 33. Qf2 Rg6 34.
g3 Qe4 35. Kf1 b5 36. Ke2 Rd6 37. Kd2 Bc4+ 38. Kc1 Rd3 39. Kb2 Red8 40. Rxd3
Rxd3 41. Qc2 Rb3+ 42. Kc1 Qxc2+ 43. Kxc2 Rxa3 44. Rd1 Bb3+ 45. Kb2 Bxd1 46. Kxa3
Kf8 47. Kb2 Ke7 48. Kc3 Bf3 49. Kd4 Kd6 50. e4 f6 51. h3 h5 52. h4 Bd1 53. e5+
fxe5+ 54. fxe5+ Ke6 55. Kc5 Kxe5 56. Kxc6 Be2 57. Kd7 Kf5 58. Ke7 g5 59. hxg5
Kxg5 60. Ke6 Kg4 61. Kf6 Kxg3 62. Kg5 h4 0-1

[Event "Online Olym Div2 E 2021"]
[Site "chess.com INT"]
[Date "2021.09.04"]
[Round "8.5"]
[Board "5"]
[White "Vera, Pavel"]
[Black "Glaves, Raheem"]
[Result "1-0"]
[BlackTitle "FM"]
[WhiteElo "2073"]
[BlackElo "2139"]
[WhiteTeam "Bolivia"]
[BlackTeam "Jamaica"]
[WhiteFideId "3304779"]
[BlackFideId "7402724"]
[EventDate "2021.09.02"]
[EventType "team"]

1. Nf3 Nf6 2. g3 e6 3. Bg2 d5 4. O-O Be7 5. d3 Nbd7 6. Nbd2 O-O 7. e4 e5 8. Qe2
d4 9. Nc4 Bd6 10. a4 Re8 11. Bd2 Bf8 12. b4 c5 13. b5 h6 14. a5 Rb8 15. Rfb1 Nh7
16. h4 Qf6 17. b6 a6 18. Rf1 Qg6 19. Bh3 Qh5 20. g4 Qg6 21. g5 hxg5 22. hxg5 Qh5
23. Kg2 Nxb6 24. Rh1 Bg4 25. axb6 f5 26. Bxg4 Qxg4+ 27. Kf1 f4 28. Rh4 Qe6 29.
Nfxe5 g6 30. Qg4 Qxg4 31. Nxg4 Bg7 32. Bxf4 Rbd8 33. e5 Re6 34. Nf6+ Bxf6 35.
exf6 Nf8 36. Kg2 Re2 37. Rah1 Rd5 38. Kf3 Rxc2 39. Ne5 Rxe5 40. Bxe5 Kf7 41. Bd6
Ne6 42. Rh7+ Ke8 43. Re7+ 1-0

[Event "Online Olym Div2 E 2021"]
[Site "chess.com INT"]
[Date "2021.09.04"]
[Round "8.5"]
[Board "6"]
[White "Brown, Raehanna"]
[Black "Aguilar, Irasema"]
[Result "1-0"]
[WhiteTitle "WCM"]
[WhiteElo "1594"]
[BlackElo "1327"]
[WhiteTeam "Jamaica"]
[BlackTeam "Bolivia"]
[WhiteFideId "7402740"]
[BlackFideId "3310876"]
[EventDate "2021.09.02"]
[EventType "team"]

1. c4 e5 2. Nc3 Nf6 3. g3 d6 4. Bg2 c6 5. d3 Be6 6. Nf3 h6 7. e4 Be7 8. O-O Nbd7
9. a3 O-O 10. h3 Nh7 11. Ne1 f5 12. f4 fxe4 13. Nxe4 exf4 14. gxf4 Ndf6 15. Qe2
Nxe4 16. dxe4 Bf7 17. Kh2 Qd7 18. Nf3 Rae8 19. Nd4 Bf6 20. Qd3 Bxd4 21. Qxd4 a6
22. c5 d5 23. b4 Qe6 24. Bb2 Qf6 25. e5 Qg6 26. f5 Qg5 27. h4 Qe7 28. f6 gxf6
29. exf6 Qc7+ 30. Kh1 Bg6 31. f7+ Rxf7 32. Qh8# 1-0

[Event "Online Olym Div2 E 2021"]
[Site "chess.com INT"]
[Date "2021.09.04"]
[Round "9.1"]
[Board "1"]
[White "Christie, Joshua"]
[Black "Barrientos, Sergio E"]
[Result "0-1"]
[WhiteTitle "FM"]
[BlackTitle "GM"]
[WhiteElo "2206"]
[BlackElo "2475"]
[WhiteTeam "Jamaica"]
[BlackTeam "Colombia"]
[WhiteFideId "7402074"]
[BlackFideId "4401824"]
[EventDate "2021.09.02"]
[EventType "team"]

1. d4 Nf6 2. c4 e6 3. Nf3 c5 4. d5 b5 5. dxe6 fxe6 6. cxb5 d5 7. e3 a6 8. bxa6
Bd6 9. Nc3 O-O 10. Bd3 Bxa6 11. O-O Nc6 12. Bxa6 Rxa6 13. Re1 Ng4 14. Qe2 c4 15.
h3 Nge5 16. Nd4 Qe8 17. Ncb5 Bb8 18. e4 Nxd4 19. Nxd4 Nd3 20. Rf1 Ba7 21. Be3
Bxd4 22. Bxd4 e5 23. Be3 d4 24. Bd2 Rg6 25. b3 Qe6 26. Kh2 Qf6 27. f4 exf4 28.
bxc4 Qg5 29. Be1 Ne5 30. Bb4 f3 31. gxf3 Qg3+ 32. Kh1 Nxf3 0-1

[Event "Online Olym Div2 E 2021"]
[Site "chess.com INT"]
[Date "2021.09.04"]
[Round "9.1"]
[Board "2"]
[White "Martinez Romero, Martin"]
[Black "Lorne, Ras Malaku"]
[Result "1-0"]
[WhiteTitle "IM"]
[BlackTitle "FM"]
[WhiteElo "2409"]
[BlackElo "2117"]
[WhiteTeam "Colombia"]
[BlackTeam "Jamaica"]
[WhiteFideId "4404025"]
[BlackFideId "7400330"]
[EventDate "2021.09.02"]
[EventType "team"]

1. Nf3 d5 2. c4 c6 3. d4 Nf6 4. e3 g6 5. h3 Bg7 6. Nbd2 O-O 7. Be2 Nbd7 8. O-O
Re8 9. cxd5 Nxd5 10. e4 Nf4 11. Nc4 Nxe2+ 12. Qxe2 Nb6 13. Nxb6 Qxb6 14. Be3 Qa5
15. Rfd1 Bd7 16. Qd2 Qh5 17. Nh2 Rad8 18. Nf1 Be6 19. Qb4 Rd7 20. Ng3 Qh4 21.
Qc5 h6 22. Qxa7 f5 23. exf5 gxf5 24. Ne2 Red8 25. Qc5 Qe4 26. Qc1 Kh7 27. f3 Qh4
28. Bf2 Qf6 29. Re1 Qf7 30. a3 Bc4 31. Qf4 Bxe2 32. Rxe2 Bxd4 33. Rae1 e5 34.
Qh4 Bxf2+ 35. Qxf2 e4 36. fxe4 fxe4 37. Qxf7+ Rxf7 38. Rxe4 Rd2 39. R4e2 Rdd7
40. Rf2 Rg7 41. Kh2 Rd3 42. Ree2 Rgd7 43. Rf6 Rb3 44. Ree6 Rxb2 45. Rxh6+ Kg7
46. Reg6+ Kf7 47. Rg4 Rd3 48. a4 Ra3 49. h4 b5 50. Rxc6 Rxa4 51. Rxa4 bxa4 52.
Ra6 Ra2 53. Kh3 a3 54. g3 Ra1 55. h5 Kg7 56. Kg4 a2 57. Ra3 Kh6 58. Ra7 Rb1 59.
Ra6+ Kg7 60. Rxa2 Rb4+ 61. Kg5 Rb5+ 62. Kh4 Kh6 63. Ra6+ Kg7 64. g4 Rb1 65. h6+
Kh7 66. Kh5 Rh1+ 67. Kg5 Rb1 68. Ra7+ Kh8 69. Kg6 Rb6+ 70. Kh5 Rb5+ 71. g5 Rb6
72. Ra8+ Kh7 73. g6+ Rxg6 74. Ra7+ Kh8 75. Kxg6 1-0

[Event "Online Olym Div2 E 2021"]
[Site "chess.com INT"]
[Date "2021.09.04"]
[Round "9.1"]
[Board "3"]
[White "Miller, Rachel"]
[Black "Rivera, Ingris"]
[Result "0-1"]
[WhiteTitle "CM"]
[BlackTitle "WIM"]
[WhiteElo "2004"]
[BlackElo "2249"]
[WhiteTeam "Jamaica"]
[BlackTeam "Colombia"]
[WhiteFideId "7401302"]
[BlackFideId "4402472"]
[EventDate "2021.09.02"]
[EventType "team"]

1. e4 c5 2. Nf3 d6 3. d4 cxd4 4. Qxd4 Nc6 5. Bb5 Bd7 6. Qd3 a6 7. Bxc6 Bxc6 8.
c4 Nf6 9. h3 Bxe4 10. Qb3 e6 11. O-O Be7 12. Bf4 O-O 13. Nbd2 Bc6 14. a4 Qa5 15.
Nd4 d5 16. Be3 Rfe8 17. Rfd1 e5 18. Nxc6 bxc6 19. Bb6 Qb4 20. cxd5 cxd5 21. a5
Qxb3 22. Nxb3 Rec8 23. Rac1 Bb4 24. Nc5 Kf8 25. Kf1 Ke7 26. g4 Bxc5 27. Bxc5+
Ke6 28. f3 d4 29. Re1 Kd5 30. Bb6 Nd7 31. f4 e4 32. Bxd4 Rxc1 33. Rxc1 Kxd4 34.
Rd1+ Ke3 35. Rxd7 Kf3 36. Rxf7 Rc8 37. Ke1 e3 38. Kd1 e2+ 39. Kd2 Rd8+ 40. Kc3
e1=Q+ 41. Kc4 Qe6+ 0-1

[Event "Online Olym Div2 E 2021"]
[Site "chess.com INT"]
[Date "2021.09.04"]
[Round "9.1"]
[Board "4"]
[White "Chirivi C, Jenny Astrid"]
[Black "Curwin, Nickaylah"]
[Result "1-0"]
[WhiteTitle "WIM"]
[WhiteElo "2124"]
[BlackElo "1509"]
[WhiteTeam "Colombia"]
[BlackTeam "Jamaica"]
[WhiteFideId "4403061"]
[BlackFideId "7402627"]
[EventDate "2021.09.02"]
[EventType "team"]

1. d4 d5 2. c4 c6 3. Nf3 a6 4. e3 Bf5 5. Nc3 Nf6 6. Be2 e6 7. O-O h6 8. b3 Nbd7
9. Bb2 Be7 10. Nd2 O-O 11. f3 c5 12. cxd5 exd5 13. Re1 cxd4 14. exd4 Rc8 15. Rc1
Bd6 16. Nf1 Bf4 17. Ra1 Qc7 18. Bd3 Bxd3 19. Qxd3 Rfe8 20. Qf5 Nb6 21. g3 Bd6
22. Rac1 Qd7 23. Qxd7 Nbxd7 24. Kf2 Rxe1 25. Kxe1 Bb4 26. Kd2 Nf8 27. Kd3 Ne6
28. Ne3 Bxc3 29. Bxc3 b6 30. Re1 Kf8 31. Nc2 Ke8 32. Re5 Kd7 33. Nb4 a5 34. Nxd5
Nxd5 35. Rxd5+ Ke7 36. Rb5 Rb8 37. Bxa5 Ng5 38. f4 Ne6 39. Rxb6 Ra8 40. Bb4+ Ke8
41. a4 Nc7 42. Bd6 Nd5 43. Rb8+ Rxb8 44. Bxb8 Kd7 45. Ba7 Nb4+ 46. Kc4 Nc6 47.
Bc5 Nd8 48. b4 Ne6 49. a5 g5 50. fxg5 hxg5 51. b5 f5 52. a6 Nc7 53. d5 f4 54.
gxf4 gxf4 55. h4 1-0

[Event "Online Olym Div2 E 2021"]
[Site "chess.com INT"]
[Date "2021.09.04"]
[Round "9.1"]
[Board "5"]
[White "Glaves, Raheem"]
[Black "Cardoso Cardoso, Jose Gabriel"]
[Result "0-1"]
[WhiteTitle "FM"]
[BlackTitle "FM"]
[WhiteElo "2139"]
[BlackElo "2428"]
[WhiteTeam "Jamaica"]
[BlackTeam "Colombia"]
[WhiteFideId "7402724"]
[BlackFideId "4430492"]
[EventDate "2021.09.02"]
[EventType "team"]

1. d4 Nf6 2. Nf3 b6 3. Bf4 Bb7 4. e3 e6 5. Bd3 c5 6. Nbd2 cxd4 7. exd4 Be7 8.
O-O O-O 9. c3 d6 10. Re1 Nbd7 11. Qe2 a6 12. Nc4 Qc7 13. Ng5 Qc6 14. f3 Rfe8 15.
Nxf7 e5 16. dxe5 Nd5 17. Qe4 Nf8 18. e6 Qc5+ 19. Kh1 Nxf4 20. Qxf4 Bd5 21. b4
Qc7 22. Nfxd6 Bf6 23. e7 Rxe7 24. Rxe7 Qxe7 25. Nf5 Qe6 26. Nd4 Qc8 27. Nxb6
Qxc3 28. Rd1 Re8 29. Nxd5 Re1+ 30. Bf1 Rxd1 31. Nxf6+ Kh8 32. h4 Rxf1+ 33. Kh2
Qe1 34. Kh3 Rh1+ 35. Kg4 Rxh4+ 36. Kg5 h6+ 0-1

[Event "Online Olym Div2 E 2021"]
[Site "chess.com INT"]
[Date "2021.09.04"]
[Round "9.1"]
[Board "6"]
[White "Caicedo Anguila, Juliana"]
[Black "Brown, Raehanna"]
[Result "0-1"]
[BlackTitle "WCM"]
[WhiteElo "1583"]
[BlackElo "1594"]
[WhiteTeam "Colombia"]
[BlackTeam "Jamaica"]
[WhiteFideId "4451740"]
[BlackFideId "7402740"]
[EventDate "2021.09.02"]
[EventType "team"]

1. d4 Nf6 2. c4 g6 3. Nc3 Bg7 4. e4 d6 5. f3 O-O 6. Be3 Nbd7 7. Bd3 c5 8. d5 a6
9. Nge2 b5 10. cxb5 axb5 11. Bxb5 Qb6 12. O-O Ne8 13. Rb1 Nc7 14. Bd3 Qb4 15. a3
Qa5 16. Qd2 Ne5 17. b4 Qxa3 18. bxc5 dxc5 19. Ra1 Qxa1 20. Rxa1 Rxa1+ 21. Kf2
Ba6 22. Bxa6 Nxa6 23. Bh6 Nc4 24. Qg5 Bf6 25. Qg4 Rb8 26. f4 Bd4+ 27. Kg3 Ra3
28. Qd7 Bxc3 29. Nxc3 Rxc3+ 30. Kh4 Rcb3 31. Qxe7 R3b6 32. e5 Ne3 33. g4 Nxd5
34. Qg5 Nab4 35. f5 Nd3 36. e6 Ne5 37. exf7+ Kxf7 38. fxg6+ Nxg6+ 39. Kh3 Rb3+
40. Kg2 Ndf4+ 41. Kf1 Rb1+ 42. Kf2 Nh3+ 0-1

[Event "Online Olym Div2 E 2021"]
[Site "chess.com INT"]
[Date "2021.09.04"]
[Round "9.2"]
[Board "1"]
[White "Juarez Flores, Carlos A."]
[Black "Gemy, Jose Daniel"]
[Result "0-1"]
[WhiteTitle "IM"]
[BlackTitle "IM"]
[WhiteElo "2374"]
[BlackElo "2380"]
[WhiteTeam "Guatemala"]
[BlackTeam "Bolivia"]
[WhiteFideId "7300018"]
[BlackFideId "3301478"]
[EventDate "2021.09.02"]
[EventType "team"]

1. e4 e5 2. Nf3 Nc6 3. Nc3 Nf6 4. Bb5 d6 5. d4 exd4 6. Nxd4 Bd7 7. O-O Nxd4 8.
Qxd4 Bxb5 9. Nxb5 a6 10. Nc3 Be7 11. Bg5 h6 12. Bh4 O-O 13. Rfe1 Re8 14. Rad1
Nd7 15. Bxe7 Rxe7 16. Nd5 Re6 17. f4 Nf6 18. Nc3 Qe7 19. Re3 Re8 20. Rde1 b5 21.
e5 Ng4 22. Rg3 Qh4 23. Ne4 dxe5 24. fxe5 Rxe5 25. h3 Qxg3 26. Nxg3 Rxe1+ 27. Nf1
Ne3 28. Qd7 Re6 29. Qd8+ Kh7 30. Qd3+ g6 31. Qc3 Rxf1+ 32. Kh2 Rf2 33. Qxc7
Rxg2+ 34. Kh1 Rf6 0-1

[Event "Online Olym Div2 E 2021"]
[Site "chess.com INT"]
[Date "2021.09.04"]
[Round "9.2"]
[Board "2"]
[White "Cueto, Jonny"]
[Black "Ortiz Q, Johnny Alexander"]
[Result "1-0"]
[WhiteTitle "IM"]
[BlackTitle "FM"]
[WhiteElo "2241"]
[BlackElo "2192"]
[WhiteTeam "Bolivia"]
[BlackTeam "Guatemala"]
[WhiteFideId "3300145"]
[BlackFideId "7300220"]
[EventDate "2021.09.02"]
[EventType "team"]

1. d4 Nf6 2. Bf4 c5 3. d5 Qb6 4. Nc3 Qxb2 5. Bd2 Qb6 6. e4 d6 7. Bc4 g6 8. Rb1
Qd8 9. Nf3 Bg7 10. O-O O-O 11. Re1 b6 12. e5 dxe5 13. Nxe5 Ba6 14. Bxa6 Nxa6 15.
Nc6 Qd6 16. Nb5 Qd7 17. Nxe7+ Kh8 18. c4 Nc7 19. Nxc7 Qxc7 20. Qf3 Nd7 21. Nc6
Ne5 22. Qg3 f6 23. Bf4 Rae8 24. h4 Qf7 25. Nxe5 fxe5 26. Bxe5 Bxe5 27. Rxe5 Rxe5
28. Qxe5+ Kg8 29. Qg3 Qf4 30. Rd1 Qxc4 31. d6 Qc2 32. Rd3 Rd8 33. Qe3 Qc4 34.
Qe7 Qxd3 35. Qxd8+ Kg7 36. Qe7+ Kh6 37. d7 Qd1+ 38. Kh2 Qc1 39. Qg5+ Qxg5 40.
hxg5+ 1-0

[Event "Online Olym Div2 E 2021"]
[Site "chess.com INT"]
[Date "2021.09.04"]
[Round "9.2"]
[Board "3"]
[White "Mencos, Claudia"]
[Black "Cordero, Daniela"]
[Result "0-1"]
[WhiteTitle "WIM"]
[BlackTitle "WIM"]
[WhiteElo "1977"]
[BlackElo "2010"]
[WhiteTeam "Guatemala"]
[BlackTeam "Bolivia"]
[WhiteFideId "7300573"]
[BlackFideId "3301630"]
[EventDate "2021.09.02"]
[EventType "team"]

1. e4 e6 2. d4 d5 3. Nd2 c5 4. exd5 exd5 5. Ngf3 Nf6 6. Be2 Be7 7. dxc5 Nbd7 8.
b4 a5 9. c3 Qc7 10. Bb2 b6 11. cxb6 Nxb6 12. a3 O-O 13. O-O Nc4 14. Nxc4 dxc4
15. Nd4 Rd8 16. Bf3 Bb7 17. Bxb7 Qxb7 18. Qf3 Nd5 19. Rae1 Bf6 20. Bc1 Bxd4 21.
cxd4 axb4 22. axb4 Qxb4 23. Bg5 f6 24. Bh4 c3 25. Bg3 Qxd4 26. Rd1 Qc5 27. Rfe1
c2 28. Rc1 Nb4 29. Qb3+ Kh8 30. h4 Rac8 31. Kh2 Nd3 32. Qf7 Nxe1 33. Rxe1 c1=Q 0-1

[Event "Online Olym Div2 E 2021"]
[Site "chess.com INT"]
[Date "2021.09.04"]
[Round "9.2"]
[Board "4"]
[White "Monroy G., Nataly A."]
[Black "Mencos Castillo, Maria"]
[Result "1/2-1/2"]
[WhiteTitle "WIM"]
[BlackTitle "WIM"]
[WhiteElo "1957"]
[BlackElo "1865"]
[WhiteTeam "Bolivia"]
[BlackTeam "Guatemala"]
[WhiteFideId "3304019"]
[BlackFideId "7300867"]
[EventDate "2021.09.02"]
[EventType "team"]

1. d4 d5 2. c4 Nf6 3. Nf3 e6 4. Nc3 c6 5. g3 Bd6 6. Bg2 O-O 7. O-O Nbd7 8. Nd2
b6 9. e4 dxe4 10. Ndxe4 Nxe4 11. Nxe4 Bc7 12. Bg5 f6 13. Be3 Rb8 14. b4 Ba6 15.
Qc2 e5 16. Rfd1 Qe7 17. Rab1 exd4 18. Bxd4 Ne5 19. b5 Bb7 20. Nc3 Nxc4 21. Qb3
cxb5 22. Bxb7 Rxb7 23. Nxb5 Qf7 24. Rbc1 Na5 25. Qxf7+ Rxf7 26. Bb2 h6 27. Bc3
a6 28. Nxc7 Rfxc7 29. Bxa5 bxa5 30. Rxc7 Rxc7 31. Rd5 a4 32. Rd4 Kf7 33. Rxa4
Rc6 34. Kf1 Ke6 35. h3 g6 36. Ra5 h5 37. g4 hxg4 38. hxg4 g5 39. Kg2 Rb6 40. Kg3
Rd6 41. Kf3 Rd3+ 42. Ke4 Rd6 43. Ra4 Rb6 44. f3 Rc6 45. f4 gxf4 46. Kxf4 Rb6 47.
Rd4 Rb5 48. Ra4 a5 49. Re4+ Kd6 50. Re2 Rd5 51. Rc2 Rb5 52. Rd2+ Ke6 53. Re2+
Kd6 54. Rd2+ Ke6 55. Re2+ Kd6 56. Rd2+ 1/2-1/2

[Event "Online Olym Div2 E 2021"]
[Site "chess.com INT"]
[Date "2021.09.04"]
[Round "9.2"]
[Board "6"]
[White "Aguilar, Irasema"]
[Black "Santiago Sontay, Jenny Fernanda"]
[Result "0-1"]
[WhiteElo "1327"]
[BlackElo "1708"]
[WhiteTeam "Bolivia"]
[BlackTeam "Guatemala"]
[WhiteFideId "3310876"]
[BlackFideId "7303084"]
[EventDate "2021.09.02"]
[EventType "team"]

1. e4 e6 2. Nf3 d5 3. exd5 exd5 4. d4 Nf6 5. Be2 c6 6. Bf4 Bd6 7. Bg3 O-O 8. O-O
Re8 9. c3 Bxg3 10. fxg3 Qb6 11. Qc2 Bg4 12. Bd3 Nbd7 13. Nbd2 c5 14. Rfe1 Rac8
15. Kh1 c4 16. Bf1 Qd6 17. Rac1 b5 18. Qb1 a5 19. Rxe8+ Rxe8 20. Re1 Rb8 21. Ne5
Be6 22. Ndf3 b4 23. Qc1 h6 24. Nxd7 Bxd7 25. Ne5 a4 26. Nxd7 Qxd7 27. Qf4 Qc8
28. Qc1 bxc3 29. Qxc3 Ne4 30. Qc2 Qb7 31. Rb1 Qb6 32. Qxa4 Qxd4 33. h3 Rxb2 34.
Rxb2 Nxg3+ 35. Kh2 Nxf1+ 36. Kh1 Qxb2 37. Qe8+ Kh7 38. Qxf7 Ne3 39. Qf3 Qc1+ 40.
Kh2 Nf1+ 41. Kg1 Nd2+ 42. Kf2 Nxf3 43. Kxf3 d4 44. a4 d3 45. a5 d2 46. a6 d1=Q+
47. Kg3 Qg5+ 48. Kh2 Qd6+ 49. Kh1 Qc1# 0-1

[Event "Online Olym Div2 E 2021"]
[Site "chess.com INT"]
[Date "2021.09.04"]
[Round "9.3"]
[Board "1"]
[White "Matamoros Franco, Carlos S."]
[Black "Chavez, Ricardo Ernesto"]
[Result "1-0"]
[WhiteTitle "GM"]
[BlackTitle "FM"]
[WhiteElo "2486"]
[BlackElo "2242"]
[WhiteTeam "Ecuador"]
[BlackTeam "El Salvador"]
[WhiteFideId "3600017"]
[BlackFideId "6700098"]
[EventDate "2021.09.02"]
[EventType "team"]

1. Nf3 Nf6 2. g3 d6 3. d4 Nbd7 4. c4 e5 5. Nc3 c6 6. e4 Be7 7. Bg2 O-O 8. O-O
Re8 9. h3 Qc7 10. Be3 a6 11. a4 a5 12. Qc2 Bf8 13. Rad1 exd4 14. Bxd4 Ne5 15.
Nd2 b6 16. f4 Ng6 17. Bxf6 gxf6 18. Nf3 Bb7 19. Nd4 Rad8 20. Kh2 Kh8 21. Qf2 Ne7
22. Rfe1 Bg7 23. Qf3 Qc8 24. Qh5 Kg8 25. Bf3 Ba6 26. b3 Bb7 27. Re2 Qa8 28. Nf5
Nxf5 29. Qxf5 Bc8 30. Qh5 f5 31. Rd3 Re6 32. exf5 Rh6 33. Qg5 f6 34. Qg4 Rg6 35.
Qh5 Rh6 36. Re8+ Rxe8 37. Qxe8+ Bf8 38. Bxc6 Rxh3+ 39. Kg2 Bb7 40. Qxa8 Bxa8 41.
Bxa8 1-0

[Event "Online Olym Div2 E 2021"]
[Site "chess.com INT"]
[Date "2021.09.04"]
[Round "9.3"]
[Board "2"]
[White "Arias, Lemnys A."]
[Black "Noboa Silva, Kevin"]
[Result "1-0"]
[WhiteTitle "IM"]
[BlackTitle "FM"]
[WhiteElo "2303"]
[BlackElo "2331"]
[WhiteTeam "El Salvador"]
[BlackTeam "Ecuador"]
[WhiteFideId "6700284"]
[BlackFideId "3618471"]
[EventDate "2021.09.02"]
[EventType "team"]

1. e4 e6 2. d4 d5 3. Nd2 c5 4. Ngf3 Nc6 5. Bb5 Nf6 6. exd5 Nxd5 7. O-O cxd4 8.
Nxd4 Bd7 9. Nxc6 Bxc6 10. Bxc6+ bxc6 11. c4 Nf6 12. Qf3 Rc8 13. Rd1 Qd4 14. Rb1
Be7 15. b3 O-O 16. Bb2 Qh4 17. g3 Qh6 18. Ne4 Rfd8 19. Be5 Nxe4 20. Qxe4 Qh5 21.
Rxd8+ Rxd8 22. Bc7 Rd1+ 23. Rxd1 Qxd1+ 24. Kg2 Qd7 25. Bf4 f6 26. h4 Bc5 27. h5
e5 28. Be3 Bd4 29. b4 Qe6 30. b5 cxb5 31. cxb5 Qd7 32. a4 h6 33. Qc6 Qd8 34.
Qc4+ Kf8 35. Bd2 Qa8+ 36. Kh2 a5 37. bxa6 Qf3 38. Bb4+ Ke8 39. Qe6+ Kd8 40. Ba5+ 1-0

[Event "Online Olym Div2 E 2021"]
[Site "chess.com INT"]
[Date "2021.09.04"]
[Round "9.3"]
[Board "3"]
[White "Fierro Baquero, Martha L."]
[Black "Ortez, Andrea"]
[Result "1-0"]
[WhiteTitle "IM"]
[BlackTitle "WIM"]
[WhiteElo "2359"]
[BlackElo "1969"]
[WhiteTeam "Ecuador"]
[BlackTeam "El Salvador"]
[WhiteFideId "3600270"]
[BlackFideId "6702392"]
[EventDate "2021.09.02"]
[EventType "team"]

1. e4 c5 2. Nc3 Nc6 3. Bb5 g6 4. Bxc6 dxc6 5. d3 e5 6. Be3 b6 7. Qd2 Bg7 8.
O-O-O Be6 9. h4 h5 10. Nh3 Bxh3 11. Rxh3 Qe7 12. Bg5 f6 13. Be3 O-O-O 14. Qe2
Bh6 15. g4 Bxe3+ 16. Rxe3 Qe6 17. Rg1 Ne7 18. Reg3 Rh7 19. gxh5 Rxh5 20. Rxg6
Rxh4 21. Rg7 Rdh8 22. b3 Rh1 23. Rxh1 Rxh1+ 24. Kb2 Rh8 25. Qf3 Rg8 26. Qg3 Rxg7
27. Qxg7 Qd6 28. a4 a6 29. Qf8+ Kb7 30. Qf7 Kb8 31. Ne2 b5 32. a5 b4 33. Kb1 Nc8
34. Ng3 Qd4 35. Qxf6 Qc3 36. Nf5 Qe1+ 37. Ka2 Qxf2 38. Qxe5+ Kb7 39. Kb2 Qg1 40.
Nd6+ Nxd6 41. Qxd6 Qg7+ 42. e5 1-0

[Event "Online Olym Div2 E 2021"]
[Site "chess.com INT"]
[Date "2021.09.04"]
[Round "9.3"]
[Board "4"]
[White "Garcia, Angie"]
[Black "Ortiz Verdezoto, Anahi"]
[Result "0-1"]
[WhiteTitle "WFM"]
[BlackTitle "WIM"]
[WhiteElo "1802"]
[BlackElo "1982"]
[WhiteTeam "El Salvador"]
[BlackTeam "Ecuador"]
[WhiteFideId "6702503"]
[BlackFideId "3614581"]
[EventDate "2021.09.02"]
[EventType "team"]

1. e4 e5 2. Nf3 Nc6 3. d4 exd4 4. Nxd4 Nf6 5. Nxc6 bxc6 6. e5 Qe7 7. Qe2 Nd5 8.
c4 Ba6 9. Qe4 Nb4 10. a3 d5 11. Qe2 Bxc4 12. Qd1 Qxe5+ 13. Be3 Qxb2 14. axb4
Qxa1 15. Bxc4 Bxb4+ 16. Ke2 Qb2+ 17. Kf1 dxc4 18. g3 O-O 19. Kg2 c3 20. Qg4 Qb3
21. Bh6 Qd5+ 22. f3 Qe5 23. Re1 Qf6 24. Bg5 Qg6 25. Qxb4 Qxg5 26. Qxc3 Qd5 27.
Nd2 Rfe8 28. Ne4 f5 29. Ng5 Rad8 30. Kh3 h6 31. f4 hxg5 32. fxg5 f4 33. gxf4
Qd3+ 34. Qxd3 Rxd3+ 35. Kg4 Rxe1 36. h4 g6 37. f5 Re4# 0-1

[Event "Online Olym Div2 E 2021"]
[Site "chess.com INT"]
[Date "2021.09.04"]
[Round "9.3"]
[Board "5"]
[White "Jaramillo Arce, David"]
[Black "Melara, Moises"]
[Result "1-0"]
[BlackTitle "FM"]
[WhiteElo "1970"]
[BlackElo "2110"]
[WhiteTeam "Ecuador"]
[BlackTeam "El Salvador"]
[WhiteFideId "3610004"]
[BlackFideId "6703917"]
[EventDate "2021.09.02"]
[EventType "team"]

1. d4 Nf6 2. c4 g6 3. g3 Bg7 4. Bg2 O-O 5. Nc3 d6 6. Nf3 Nbd7 7. O-O Re8 8. b3
e5 9. e4 exd4 10. Nxd4 Nc5 11. Re1 Bg4 12. f3 Bc8 13. Bb2 a5 14. Qd2 a4 15. b4
a3 16. Bc1 Ne6 17. Nc2 Nd7 18. Rb1 Nb6 19. Bf1 Qf6 20. Rb3 Qxf3 21. Nd5 Qxb3 22.
axb3 a2 23. Na1 Bxa1 24. Bb2 Bxb2 25. Qxb2 Nxd5 26. exd5 Ng7 27. Ra1 Bf5 28.
Rxa2 Rac8 29. Ra1 Nh5 30. Be2 Ng7 31. Bf3 Re3 32. Kf2 Rce8 33. Qd4 R3e5 34. c5
Bc8 35. Ra2 Nf5 36. Qf4 h5 37. Re2 Rxe2+ 38. Bxe2 Re5 39. Bd3 Rxd5 40. Bc4 Re5
41. cxd6 cxd6 42. Qf3 Kg7 43. h3 b5 44. Bd5 Be6 45. Bxe6 fxe6 46. Qb7+ Kf6 47.
Qb8 Kf7 48. Qc7+ Kf6 49. Qd8+ Kf7 50. Qc7+ Kf6 51. g4 hxg4 52. hxg4 Nh6 53. Qd8+
Kg7 54. Qe7+ Nf7 55. Kf3 g5 56. Qd7 Kg6 57. Qc8 Kg7 58. Qd7 Kg6 59. Qb7 Kg7 60.
Qa7 Kg6 61. Qe7 Kg7 62. Qe8 Re1 63. Qxb5 Ne5+ 64. Kf2 Re4 65. Qb7+ 1-0